Statistiken für Länder, die mit L beginnen

Klicken Sie hier um das Quiz zu spielen!

Allgemein

  • Dieses Quiz wurde 7,776 mal gespielt
  • Das Durchschnittsergebnis liegt bei 7 aus 9

Antwortstatistiken

Land % Korrekt
Lettland
90%
Litauen
90%
Luxemburg
86%
Libanon
85%
Liechtenstein
84%
Laos
83%
Libyen
79%
Liberia
76%
Lesotho
68%

Verteilung der Resultate

Perzentil nach korrekt beantworteten Fragen

Anzahl Personen mit jedem Resultat

Ihre Resultats-Entwicklung

Sie haben dieses Quiz noch nicht gespielt